| 000 | 00850cam a22002771 4500 | ||
|---|---|---|---|
| 001 | 18096 | ||
| 003 | BD-RjUL | ||
| 005 | 20211209000233.0 | ||
| 008 | 140219s1958 mnu 001 0beng | ||
| 035 | _a(BD-RjUL)18154 | ||
| 035 | _a(OCoLC)2922018 | ||
| 040 |
_aDLC _cODa _dDCHS _dDLC _dBD-RjUL _beng |
||
| 041 | _aeng | ||
| 082 | 0 | 0 |
_a821.9 _bMAA 1958 |
| 100 | 1 |
_aMarlow, Norman. _955779 |
|
| 245 | 1 | 0 |
_aA. E. Housman : _bScholar and poet / _c Norman Marlow. |
| 260 |
_aLondon : _bRoutledge & Kegan paul, _cc1958 |
||
| 300 |
_avii, 192 p. ; _c22 cm. |
||
| 505 | _aIncludes index. | ||
| 600 | 1 | 0 |
_aHousman, A. E. _q(Alfred Edward), _d1859-1936. _953204 |
| 650 | 0 |
_aPoets, English _y20th century _vBiography. _954495 |
|
| 650 | 0 |
_aClassicists _zGreat Britain _vBiography. _955780 |
|
| 942 |
_2ddc _cBK |
||
| 999 |
_c18096 _d18096 |
||